La naturaleza de la explicación /

Сохранить в:
Библиографические подробности
Главный автор: Achinstein, Peter (autor)
Формат:
Язык:испанский
Опубликовано: México : Fondo de Cultura Económica, 1989, c1989
Метки: Добавить метку
Нет меток, Требуется 1-ая метка записи!

MARC

LEADER 00000nam^a2200000^a^4500
001 000628190
005 20260218000000.0
009 20260310134108.127
020 |a 968-16-2968-X 
037 |a Acervo Xavier Clavigero 
041 |a ESP 
091 |a FHG. 01317 
100 |a Achinstein, Peter  |e (autor) 
245 1 3 |a La naturaleza de la explicación / 
264 4 |a México :  |b Fondo de Cultura Económica,  |c 1989, c1989 
300 |a 448 p. 
336 |a texto  |b txt  |2 rdacontenido 
337 |a sin mediación  |b n  |2 rdamedio 
338 |a volumen  |b nc  |2 rdasoporte 
649 |a XX 
910 |a Fondo Humberto García Bedoy S.J. 
920 |a Impresos - Libros 
930 |a Fondos Especiales 
905 |a 148 
901 |a 628190-10  |b IT2  |c ESP  |i D  |u 20260218 
902 |a https://opac.biblio.iteso.mx/vufind/Record/000628190